Medagliere Campionato europeo di calcio - Statistics

Statistiche generali
  • Questo quiz è stato fatto 106 volte
  • Il punteggio medio è 15 su 17
Statistiche sulle risposte
Oro Argento Bronzo Paese % Corretto
2 2 1 Italia
99%
1 1 3 Portogallo
97%
4 1 1 Spagna
97%
3 3 3 Germania
96%
0 2 2 Inghilterra
96%
2 1 2 Francia
94%
1 0 0 Grecia
94%
1 0 5 Paesi Bassi
93%
1 0 2 Danimarca
91%
1 3 1 Russia
91%
0 1 1 Belgio
90%
1 1 3 Repubblica Ceca
86%
0 0 1 Svezia
86%
0 0 1 Ungheria
78%
0 2 0 Serbia
77%
0 0 1 Turchia
76%
0 0 1 Galles
52%
Nessun quiz corrispondente trovato
Distribuzione punteggi
Percentuale di utenti per punteggio
Percentile per numero di risposta
I tuoi punteggi nel tempo
Non hai fatto questo quiz